[Event "Backa Topola-ch"]
[Site "Backa Topola"]
[Date "2019.12.09"]
[Round "7"]
[White "Vlahovic, Ljubo"]
[Black "Kocic, Milorad"]
[Result "1-0"]
[WhiteElo "1961"]
[BlackElo "1877"]
[PlyCount "53"]
[EventDate "2019.11.25"]
[EventType "swiss"]
[EventRounds "9"]
[EventCountry "SRB"]
[SourceTitle "CBM 193 Extra"]
[Source "ChessBase"]
[SourceDate "2020.01.31"]
[SourceVersion "1"]
[SourceVersionDate "2020.01.31"]
[SourceQuality "1"]

1. e4 c5 2. Nf3 Nc6 3. d4 cxd4 4. Nxd4 g6 5. Nxc6 bxc6 6. Qd4 Nf6 7. e5 Nh5 8. Be2 Ng7 9. Bg4 e6 10. Nc3 Nf5 11. Bxf5 exf5 12. e6 f6 13. exd7+ Bxd7 14. 0-0 Be6 15. Qa4 Qc8 16. Re1 Kf7 17. Ne2 Bc5 18. Nf4 Re8 19. Be3 Bxe3 20. Rxe3 Bd7 21. Rae1 Rxe3 22. Rxe3 Kf8 23. Qd4 Qd8 24. Qd6+ Kf7 25. Rd3 Ke8 26. Ne6 Bxe6 27. Qxe6+ 1-0

[Event "Palic Karadzic Memorial op"]
[Site "Palic"]
[Date "2016.11.03"]
[Round "8"]
[White "Demeter, Dorina"]
[Black "Kocic, Milorad"]
[Result "1-0"]
[WhiteElo "1983"]
[BlackElo "1905"]
[PlyCount "87"]
[EventDate "2016.10.29"]
[EventType "swiss"]
[EventRounds "9"]
[EventCountry "SRB"]
[SourceTitle "CBM 175 Extra"]
[Source "ChessBase"]
[SourceDate "2016.12.12"]
[SourceVersion "1"]
[SourceVersionDate "2016.12.12"]
[SourceQuality "1"]

1. d4 d5 2. c4 e6 3. Nc3 c6 4. e3 Nf6 5. Nf3 Nbd7 6. Bd3 g6 7. 0-0 Bg7 8. Qc2 0-0 9. b3 Re8 10. Bb2 Ng4 11. h3 Nh6 12. e4 dxe4 13. Nxe4 Nf8 14. Ba3 Nf5 15. Rab1 Nxd4 16. Nxd4 Bxd4 17. Nd6 c5 18. Nxe8 Qxe8 19. b4 cxb4 20. Bxb4 f5 21. Bc3 Bc5 22. Qe2 Nd7 23. Rfe1 Nf8 24. Qe5 Qe7 25. Bc2 b6 26. Ba4 Bd7 27. Bxd7 Qxd7 28. Qh8+ Kf7 29. Rbd1 Qe7 30. Re2 a5 31. Red2 Bb4 32. Bxb4 axb4 33. Rd7 Nxd7 34. Qxa8 Nc5 35. Qh8 e5 36. Qxh7+ Kf6 37. Qh8+ Kf7 38. Rd8 Ne6 39. Rg8 Qg5 40. Qh7+ Kf6 41. g3 f4 42. Re8 fxg3 43. Qe7+ Kf5 44. Qxe6+ 1-0

[Event "Backa Topola-ch"]
[Site "Backa Topola"]
[Date "2011.11.28"]
[Round "8"]
[White "Kocic, Milorad"]
[Black "Farkas, Sandor I"]
[Result "1/2-1/2"]
[WhiteElo "1880"]
[BlackElo "1799"]
[PlyCount "73"]
[EventDate "2011.11.11"]
[EventType "swiss"]
[EventRounds "9"]
[EventCountry "SRB"]
[SourceTitle "CBM 145 Extra"]
[Source "ChessBase"]
[SourceDate "2012.01.03"]
[SourceVersion "1"]
[SourceVersionDate "2012.01.03"]
[SourceQuality "1"]

1. e4 c5 2. Nc3 d6 3. Bc4 Nf6 4. d3 a6 5. a3 b5 6. Ba2 Bb7 7. f4 e6 8. Nf3 Be7 9. 0-0 0-0 10. Ne2 d5 11. e5 Nfd7 12. c3 d4 13. cxd4 Bxf3 14. Rxf3 cxd4 15. Ng3 Nb6 16. Ne4 Nc6 17. Bd2 Rc8 18. Rh3 Nd5 19. Qh5 h6 20. Qg4 Kh7 21. Qh5 Ne3 22. g4 Qb6 23. g5 Nf5 24. Kh1 b4 25. axb4 Nxb4 26. Bxb4 Qxb4 27. gxh6 g6 28. Qe2 Rb8 29. Rb1 Rh8 30. Bc4 a5 31. Ng5+ Kg8 32. b3 Nxh6 33. Rg1 Kg7 34. Qg2 Qb7 35. Ne4 Qc8 36. Ng5 Qb7 37. Ne4 1/2-1/2

[Event "Backa Topola-ch"]
[Site "Backa Topola"]
[Date "2011.11.25"]
[Round "7"]
[White "Kosa, Jeno"]
[Black "Kocic, Milorad"]
[Result "1-0"]
[WhiteElo "2105"]
[BlackElo "1880"]
[PlyCount "113"]
[EventDate "2011.11.11"]
[EventType "swiss"]
[EventRounds "9"]
[EventCountry "SRB"]
[SourceTitle "CBM 145 Extra"]
[Source "ChessBase"]
[SourceDate "2012.01.03"]
[SourceVersion "1"]
[SourceVersionDate "2012.01.03"]
[SourceQuality "1"]

1. d4 d5 2. c4 c6 3. Nf3 Nf6 4. Qc2 e6 5. g3 Be7 6. Bg2 Nbd7 7. 0-0 0-0 8. Nbd2 h6 9. b3 a6 10. Bb2 Re8 11. Rfe1 Bd6 12. e4 dxe4 13. Nxe4 Nxe4 14. Qxe4 f5 15. Qc2 Nf6 16. Ne5 Qc7 17. Re2 Bd7 18. Rae1 Rad8 19. Nxd7 Qxd7 20. d5 cxd5 21. Bxf6 gxf6 22. Rxe6 Be5 23. Rxe8+ Rxe8 24. Bxd5+ Kg7 25. Kg2 Rc8 26. Qe2 Rc7 27. Qe3 Bd6 28. Qf3 b6 29. Qh5 Rc5 30. Re8 Rxd5 31. cxd5 Bc5 32. Qe2 Qxd5+ 33. Qf3 Qf7 34. Rb8 Qe6 35. Qb7+ Qf7 36. Qa8 Qe6 37. Qf3 Qe4 38. Qxe4 fxe4 39. g4 e3 40. fxe3 Bxe3 41. Kf3 Bg1 42. h4 a5 43. h5 f5 44. gxf5 Kf6 45. Kg4 Bd4 46. Rd8 Be3 47. Re8 Bd4 48. Re6+ Kg7 49. Rg6+ Kh7 50. f6 Bc5 51. Kf5 Bf8 52. Ke6 b5 53. Kf7 Bb4 54. Ke8 Bc5 55. f7 b4 56. f8Q Bxf8 57. Kxf8 1-0

[Event "Backa Topola-ch"]
[Site "Backa Topola"]
[Date "2011.11.18"]
[Round "4"]
[White "Kocic, Milorad"]
[Black "Foldi, Sandor"]
[Result "1/2-1/2"]
[WhiteElo "1880"]
[BlackElo "1782"]
[PlyCount "89"]
[EventDate "2011.11.11"]
[EventType "swiss"]
[EventRounds "9"]
[EventCountry "SRB"]
[SourceTitle "CBM 145 Extra"]
[Source "ChessBase"]
[SourceDate "2012.01.03"]
[SourceVersion "1"]
[SourceVersionDate "2012.01.03"]
[SourceQuality "1"]

1. e4 e5 2. Nc3 Nc6 3. a3 Bc5 4. Bc4 Nf6 5. d3 h6 6. Nf3 d6 7. h3 0-0 8. 0-0 Be6 9. Bxe6 fxe6 10. Na4 Bb6 11. Nxb6 axb6 12. c3 d5 13. Qc2 Nh5 14. Nh2 d4 15. c4 Nf4 16. Kh1 h5 17. Qd1 Qe8 18. b4 g5 19. b5 Nd8 20. Nf3 Nf7 21. Ng1 h4 22. g3 Ng6 23. Qh5 Kg7 24. Bxg5 hxg3 25. fxg3 Nxg5 26. Qxg5 Rxa3 27. Rxf8 Qxf8 28. Rxa3 Qxa3 29. Qd2 c6 30. h4 Qc3 31. Qe2 cxb5 32. cxb5 Qb4 33. Qg4 Kh7 34. h5 Nf8 35. Qf3 Qe7 36. Nh3 Kg7 37. Qg4+ Kh6 38. Qf3 Nh7 39. g4 Ng5 40. Nxg5 Kxg5 41. Kg2 Qb4 42. Kh3 Qe1 43. Qg3 Qh1+ 44. Qh2 Qf3+ 45. Qg3 1/2-1/2

[Event "Backa Topola-ch"]
[Site "Backa Topola"]
[Date "2010.12.01"]
[Round "7"]
[White "Janjusevic, Branislav"]
[Black "Kocic, Milorad"]
[Result "1/2-1/2"]
[WhiteElo "1947"]
[BlackElo "1921"]
[PlyCount "38"]
[EventDate "2010.11.17"]
[EventType "swiss"]
[EventRounds "9"]
[EventCountry "SRB"]
[SourceTitle "EXT 2019"]
[Source "ChessBase"]
[SourceDate "2018.10.10"]
[SourceVersion "1"]
[SourceVersionDate "2018.10.10"]
[SourceQuality "1"]

1. d4 d5 2. c4 e6 3. Nc3 c6 4. Nf3 Nf6 5. e3 Bd6 6. Be2 Nbd7 7. Qc2 dxc4 8. Bxc4 0-0 9. 0-0 Qe7 10. h3 h6 11. Bd2 Rd8 12. Rfe1 e5 13. Bd3 Re8 14. Ne4 Nxe4 15. Bxe4 Nf6 16. dxe5 Bxe5 17. Bd3 Bc7 18. e4 Bd7 19. a3 Bb6 1/2-1/2

[Event "Backa Topola-ch"]
[Site "Backa Topola"]
[Date "2010.11.29"]
[Round "6"]
[White "Kocic, Milorad"]
[Black "Toth, Peter P"]
[Result "1-0"]
[WhiteElo "1921"]
[BlackElo "1679"]
[PlyCount "54"]
[EventDate "2010.11.17"]
[EventType "swiss"]
[EventRounds "9"]
[EventCountry "SRB"]
[SourceTitle "EXT 2019"]
[Source "ChessBase"]
[SourceDate "2018.10.10"]
[SourceVersion "1"]
[SourceVersionDate "2018.10.10"]
[SourceQuality "1"]

1. f4 d5 2. Nf3 Nf6 3. d4 c5 4. e3 a6 5. c3 c4 6. Be2 Nc6 7. 0-0 h6 8. Ne5 Bf5 9. Nd2 e6 10. Bf3 Qc7 11. Re1 0-0-0 12. b4 g5 13. Bh5 Nxe5 14. fxe5 g4 15. exf6 Bd6 16. Nf1 Rdg8 17. e4 dxe4 18. g3 e3 19. Bxe3 Bd3 20. Qd2 Bxf1 21. Kxf1 Bxg3 22. hxg3 Qxg3 23. Qg2 Qh3 24. Bxf7 Rf8 25. Qxh3 gxh3 26. Bxe6+ Kb8 27. Bf4+ Ka8 1-0

[Event "Backa Topola-ch"]
[Site "Backa Topola"]
[Date "2010.11.19"]
[Round "2"]
[White "Kocic, Milorad"]
[Black "Vlahovic, Ljubo"]
[Result "0-1"]
[WhiteElo "1921"]
[BlackElo "1805"]
[PlyCount "165"]
[EventDate "2010.11.17"]
[EventType "swiss"]
[EventRounds "9"]
[EventCountry "SRB"]
[SourceTitle "EXT 2019"]
[Source "ChessBase"]
[SourceDate "2018.10.10"]
[SourceVersion "1"]
[SourceVersionDate "2018.10.10"]
[SourceQuality "1"]

1. e4 c5 2. Nc3 Nc6 3. a3 g6 4. Bc4 Bg7 5. Nge2 Nf6 6. d3 a6 7. h3 0-0 8. Be3 d6 9. Qd2 b5 10. Ba2 Re8 11. 0-0 Bb7 12. Ng3 e6 13. f4 Qe7 14. Rae1 Bh6 15. Nce2 d5 16. e5 Nd7 17. c3 c4 18. d4 a5 19. Bb1 b4 20. axb4 axb4 21. Kh2 Reb8 22. Nh1 bxc3 23. bxc3 Na5 24. g4 Nb3 25. Qc2 Bc6 26. Neg3 Ba4 27. Qf2 Na5 28. f5 Bxe3 29. Qxe3 Rb2+ 30. Rf2 Rab8 31. Rxb2 Rxb2+ 32. Nf2 Bc2 33. f6 Qf8 34. Bxc2 Rxc2 35. Re2 Rxe2 36. Nxe2 h6 37. h4 Kh7 38. Qc1 Nb3 39. Qc2 Qb8 40. Kh3 Qa7 41. Nf4 Nf8 42. h5 Qa1 43. hxg6+ Nxg6 44. Kg2 Qc1 45. Qxc1 Nxc1 46. Nxg6 Kxg6 47. Kf3 Na2 48. Nd1 h5 49. gxh5+ Kxh5 50. Ke3 Nc1 51. Nf2 Kh4 52. Kd2 Nb3+ 53. Kc2 Kg3 54. Nd1 Kf3 55. Nb2 Ke4 56. Na4 Kf5 57. Nb6 Kg6 58. Nc8 Na1+ 59. Kb2 Nb3 60. Nd6 Nd2 61. Kc2 Nb3 62. Nc8 Na5 63. Kd2 Nb3+ 64. Ke3 Nc1 65. Ne7+ Kg5 66. Nc8 Kf5 67. Nd6+ Kg6 68. Nc8 Nd3 69. Kf3 Nc1 70. Kg4 Ne2 71. Ne7+ Kh6 72. Nc6 Nxc3 73. Kf4 Nd1 74. Nb4 c3 75. Nc2 Nf2 76. Ke3 Ne4 77. Kd3 Kg5 78. Ne3 Kf4 79. Ng2+ Kg3 80. Ne3 Kf3 81. Nd1 Nf2+ 82. Nxf2 Kxf2 83. Kxc3 0-1

[Event "Subotica-ch op "]
[Site "Subotica"]
[Date "2007.02.26"]
[Round "4"]
[White "Avram, Veso"]
[Black "Kocic, Milorad"]
[Result "1/2-1/2"]
[WhiteElo "2146"]
[BlackElo "1849"]
[PlyCount "79"]
[EventDate "2007.02.19"]
[EventType "swiss"]
[EventRounds "9"]
[EventCountry "YUG"]
[SourceTitle "EXT 2008"]
[Source "ChessBase"]
[SourceDate "2007.11.25"]
[SourceVersion "1"]
[SourceVersionDate "2007.11.25"]
[SourceQuality "1"]

1. c4 g6 2. Nc3 Bg7 3. g3 Nc6 4. Bg2 e6 5. e4 Nd4 6. Nge2 Nxe2 7. Qxe2 Ne7 8. d3 Nc6 9. Be3 0-0 10. 0-0 d6 11. f4 Nd4 12. Qf2 c5 13. Qd2 f5 14. exf5 Nxf5 15. Bf2 Rb8 16. Ne4 b6 17. Rfe1 d5 18. cxd5 exd5 19. Ng5 Qd6 20. Nf3 Bb7 21. a4 Rfe8 22. Rad1 Rbd8 23. d4 Nh6 24. h3 Nf7 25. Ne5 cxd4 26. Nxf7 Rxe1+ 27. Rxe1 Kxf7 28. Bxd4 Bxd4+ 29. Qxd4 Qc5 30. Qxc5 bxc5 31. Re5 Rd7 32. b3 Kf8 33. Kf2 Re7 34. Rxe7 Kxe7 35. Bf1 a5 36. Bd3 Kf6 37. h4 Ke6 38. g4 Bc8 39. Kf3 Kf7 40. Bb5 1/2-1/2